[Event "SE-2012-0-00101"]
[Site "LSS email"]
[Date "2012.02.26"]
[Round "?"]
[White "Haddad, Zied"]
[Black "Tsimbalenko, Dmitry Aleksandrovi"]
[Result "1-0"]
[WhiteElo "2071"]
[BlackElo "1638"]
[PlyCount "107"]
[EventDate "2012.01.16"]
[EventType "tourn (corr)"]
[EventRounds "6"]
[EventCountry "GER"]
[SourceTitle "Telechess CBM 159"]
[Source "ChessBase"]
[SourceDate "2014.03.17"]
[SourceVersion "1"]
[SourceVersionDate "2014.03.17"]
[SourceQuality "1"]

1. e4 e6 2. d4 d5 3. Nc3 Bb4 4. e5 c5 5. a3 Bxc3+ 6. bxc3 Ne7 7. Qg4 0-0 8. Bd3 f5 9. exf6 Rxf6 10. Bg5 Rf7 11. Qh4 g6 12. Nf3 Nbc6 13. Bd2 c4 14. Be2 Qf8 15. 0-0 Nf5 16. Qg5 Nd6 17. Bc1 Bd7 18. a4 Re8 19. Ba3 e5 20. dxe5 Ne4 21. Qe3 Qg7 22. Nd2 Rxe5 23. Nxe4 Rxe4 24. Qd2 Rxe2 25. Qxe2 Qxc3 26. Rfd1 Rf5 27. Bd6 b6 28. h3 h5 29. Ra3 Qf6 30. Bh2 Nd4 31. Qd2 Nc6 32. c3 Qg5 33. Qe3 Kf7 34. Raa1 Be6 35. Re1 Qxe3 36. fxe3 Na5 37. e4 dxe4 38. Rxe4 Nb3 39. Rae1 Nc5 40. R4e2 Rd5 41. Bg3 Bd7 42. Rf1+ Bf5 43. Bh4 g5 44. Bxg5 Kg6 45. Bh4 Nxa4 46. Re3 b5 47. Rg3+ Kf7 48. Re1 Be6 49. Rge3 Nc5 50. Rf3+ Ke8 51. Rf6 a5 52. Bf2 Ke7 53. Rh6 Kd6 54. Bxc5+ 1-0

[Event "SE-2012-0-00101"]
[Site "LSS email"]
[Date "2012.02.25"]
[Round "?"]
[White "Haddad, Zied"]
[Black "Molano Lafuente, Ismael"]
[Result "1-0"]
[WhiteElo "2071"]
[BlackElo "1035"]
[PlyCount "43"]
[EventDate "2012.01.16"]
[EventType "tourn (corr)"]
[EventRounds "6"]
[EventCountry "GER"]
[SourceTitle "Telechess CBM 159"]
[Source "ChessBase"]
[SourceDate "2014.03.17"]
[SourceVersion "1"]
[SourceVersionDate "2014.03.17"]
[SourceQuality "1"]

1. e4 d6 2. d4 Nf6 3. Nc3 g6 4. f4 Bg7 5. Bd3 Bg4 6. Nf3 0-0 7. h3 Bxf3 8. Qxf3 Nc6 9. Be3 Nb4 10. 0-0-0 c6 11. Be2 d5 12. e5 Ne4 13. Nxe4 Nxa2+ 14. Kb1 dxe4 15. Qxe4 Nb4 16. h4 Qd5 17. Qxd5 cxd5 18. h5 Rac8 19. c3 Nc6 20. f5 gxf5 21. h6 Bh8 22. Rh5 1-0

[Event "SE-2012-0-00101"]
[Site "LSS email"]
[Date "2012.02.25"]
[Round "?"]
[White "Haddad, Zied"]
[Black "Ustimenko, Aleksandr"]
[Result "1-0"]
[WhiteElo "2071"]
[BlackElo "1942"]
[PlyCount "95"]
[EventDate "2012.01.16"]
[EventType "tourn (corr)"]
[EventRounds "6"]
[EventCountry "GER"]
[SourceTitle "Telechess CBM 159"]
[Source "ChessBase"]
[SourceDate "2014.03.17"]
[SourceVersion "1"]
[SourceVersionDate "2014.03.17"]
[SourceQuality "1"]

1. e4 c5 2. Nf3 d6 3. d4 cxd4 4. Nxd4 Nf6 5. Nc3 a6 6. Be3 Nc6 7. f3 e5 8. Nb3 Be6 9. Nd5 Bxd5 10. exd5 Ne7 11. c4 Qd7 12. Bd3 g6 13. 0-0 Bg7 14. a4 0-0 15. a5 Rfe8 16. Nd2 Nf5 17. Bxf5 gxf5 18. Ra3 Rac8 19. Rb3 Rc7 20. Kh1 Rcc8 21. Qe2 Kh8 22. Rb6 Bf8 23. Qd3 Be7 24. Qb3 Rb8 25. Ra1 Bd8 26. Rb4 Re7 27. Bf2 h6 28. Nf1 f4 29. Bh4 Re8 30. Nd2 Kg7 31. Bf2 Re7 32. Qd3 Rc8 33. Bh4 Re8 34. Bxf6+ Bxf6 35. Ne4 Bd8 36. g4 Qe7 37. c5 dxc5 38. Rc4 Qd7 39. Rxc5 Rxc5 40. Nxc5 Qd6 41. Ne4 Qb4 42. Qc3 Qe7 43. d6 Qd7 44. Qc4 Qe6 45. Qxe6 Rxe6 46. b4 h5 47. Rc1 hxg4 48. fxg4 1-0

[Event "OP-2011-0-01949"]
[Site "LSS email"]
[Date "2011.12.20"]
[Round "?"]
[White "Haddad, Zied"]
[Black "Broniek, Mariusz Maciej"]
[Result "0-1"]
[WhiteElo "2050"]
[BlackElo "1606"]
[PlyCount "52"]
[EventDate "2011.12.17"]
[EventType "tourn (corr)"]
[EventRounds "4"]
[EventCountry "GER"]
[SourceTitle "Telechess CBM 155"]
[Source "ChessBase"]
[SourceDate "2013.07.16"]
[SourceVersion "1"]
[SourceVersionDate "2013.07.16"]
[SourceQuality "1"]

1. e4 c5 2. Nf3 d6 3. d4 cxd4 4. Nxd4 Nf6 5. Nc3 a6 6. Bg5 e6 7. f4 Qb6 8. Qd2 Qxb2 9. Rb1 Qa3 10. e5 h6 11. Bh4 dxe5 12. fxe5 Nfd7 13. Ne4 Qxa2 14. Rd1 Qd5 15. Qe3 Qxe5 16. Be2 Bc5 17. Bg3 Qd5 18. Bf3 0-0 19. Qc3 a5 20. Nf6+ Nxf6 21. Bxd5 Bb4 22. Qxb4 axb4 23. Bb3 Ne4 24. Bc7 Na6 25. Bb6 Nac5 26. Bc4 Na4 0-1

[Event "IECC TH-M-2431"]
[Site "IECC email"]
[Date "2004.05.08"]
[Round "?"]
[White "Haddad, Zied"]
[Black "Sakic, Radislav"]
[Result "1/2-1/2"]
[WhiteElo "2102"]
[BlackElo "2144"]
[PlyCount "36"]
[EventDate "2004.??.??"]
[EventType "tourn (corr)"]
[SourceTitle "Corr 2020"]
[Source "ChessBase"]
[SourceDate "2019.09.30"]
[SourceVersion "1"]
[SourceVersionDate "2019.09.30"]
[SourceQuality "1"]
[WhiteTeam "Tunisia"]
[BlackTeam "SCG"]
[WhiteTeamCountry "TUN"]

1. e4 c5 2. Nf3 Nc6 3. d4 cxd4 4. Nxd4 Nf6 5. Nc3 e5 6. Ndb5 d6 7. Bg5 a6 8. Na3 b5 9. Nd5 Be7 10. Bxf6 Bxf6 11. c3 0-0 12. Nc2 Bg5 13. a4 bxa4 14. Rxa4 a5 15. Bc4 Ne7 16. Nce3 Nxd5 17. Nxd5 Bd7 18. Ra1 a4 1/2-1/2